书目信息 |
| 题名: |
自然科学学科简介
|
|
| 作者: | ;中国科学院大气物理研究所 编 | |
| 分册: | 大气物理学 | |
| 出版信息: | 北京 科学出版社 1973 |
|
| 页数: | 106页 | |
| 开本: | 20cm | |
| 丛书名: | ||
| 单 册: | ||
| 中图分类: | P421 | |
| 科图分类: | ||
| 主题词: | 气象要素 , 大气现象 | |
| 电子资源: | ||
| ISBN: | ||
| 000 | 00751nam0 2200241 450 | |
| 001 | 0633315281 | |
| 005 | 20060510091751.56 | |
| 010 | @dCNY0.36 | |
| 100 | @a20060510d1973 km y0chiy0120 ea | |
| 101 | 0 | @achi |
| 102 | @aCN@b110000 | |
| 102 | @aCN@b110000 | |
| 200 | 1 | @a自然科学学科简介@Azi ran ke xue xue ke jian jie@i大气物理学@f中国科学院大气物理研究所编@Fzhong guo ke xue yuan da qi wu li yan jiu suo bian |
| 210 | @a北京@c科学出版社@d1973 | |
| 215 | @a106页@d20cm | |
| 300 | @a试行本 | |
| 517 | 1 | @a大气物理学@Ada qi wu li xue |
| 606 | 0 | @a气象要素 |
| 606 | 0 | @a大气现象 |
| 690 | @aP421@v3 | |
| 711 | 0 | @a中国科学院大气物理研究所@Azhong guo ke xue yuan da qi wu li yan jiu suo@4编 |
| 801 | 0 | @aCN@bPFT@c20060510 |
| 905 | @a10447@dP421@e1 | |
| 自然科学学科简介.大气物理学/中国科学院大气物理研究所编.-北京:科学出版社,1973 |
| 106页;20cm |
| 试行本 |
| ISBN :CNY0.36 |
| ● |
| 相关链接 |
|
|
|
|
正题名:自然科学学科简介
索取号:P421/1
 
预约/预借
| 序号 | 登录号 | 条形码 | 馆藏地/架位号 | 状态 | 备注 |
| 1 | 0011350 | 202450187 | 第二样本阅览室/ [索取号:P421/1] | 在馆 | |
| 2 | 0011351 | 202309732 | 密集书库/ [索取号:P421/1] | 在馆 |